The theory of stochastic processes /

Guardado en:
Autor Principal: Gikhman, I. I. 1918-
Otros Autores: Skorokhod, A. V. 1930-
Formato: Libro
Idioma:English
Russian
Publicado: Berlin : Springer-Verlag, 1974-c1979.
Series:Grundlehren der mathematischen Wissenschaften ; 232
Grundlehren der mathematischen Wissenschaften in Einzeldarstellungen mit besonderer Berücksichtigung der Anwendungsgebiete ; Bd. 210, etc.
Materias:
Etiquetas: Agregar Etiqueta
Sin Etiquetas, Sea el primero en etiquetar este registro!
LEADER 01652cam a2200361 a 4500
001 MAT.inmabb002677
008 741101m19741979gw#######b####001#0#eng##
005 20130325183528.0
245 1 4 |a The theory of stochastic processes /  |c I. I. Gihman, A. V. Skorohod ; translated from the Russian by S. Kotz. 
260 |a Berlin :  |b Springer-Verlag,  |c 1974-c1979. 
300 |a 3 v. ;  |c 25 cm. 
490 1 |a Die Grundlehren der mathematischen Wissenschaften in Einzeldarstellungen mit besonderer Berücksichtigung der Anwendungsgebiete ; Bd. 210, 218 
440 0 |a Grundlehren der mathematischen Wissenschaften ;  |v 232 
500 |a Traducción de: Teoriia sluchainykh protsessov. Moscow : Nauka, 1971-1975. 
504 |a Incluye referencias bibliográficas. 
510 4 |a MR,  |c 49 #11603  |3 (v. 1) 
510 4 |a MR,  |c 51 #11656  |3 (v. 2) 
510 4 |a MR,  |c 58 #31323b  |3 (v. 3) 
020 |a 3540065733 (v. 1) 
020 |a 3540072470 (v. 2) 
020 |a 3540903755 (v. 3) 
100 1 |a Gikhman, I. I.  |q (Iosif Il´ich),  |d 1918- 
240 1 0 |a Teoriia sluchainykh protsessov.  |l Inglés 
700 1 |a Skorokhod, A. V.  |q (Anatolii Vladimirovich),  |d 1930- 
830 0 |a Grundlehren der mathematischen Wissenschaften in Einzeldarstellungen mit besonderer Berücksichtigung der Anwendungsgebiete ;  |v Bd. 210, etc. 
650 0 |a Stochastic processes. 
084 |a 60-02 (60Gxx 60Jxx 60H05 60H10 60J60)  |2 msc2000 
010 |a  74002552  
040 |a DLC  |c DLC  |d DLC 
041 1 |a eng  |h rus 
859 |h 60  |i G462t  |p A-4713  |v 1  |3 Vol. I  |b BIB. MATEMATICA 
859 |h 60  |i G462t  |p A-4714  |v 2  |3 Vol. II  |b BIB. MATEMATICA 
859 |h 60  |i G462t  |p A-5105  |v 3  |3 Vol. III  |b BIB. MATEMATICA